Women of Hawai'i / (Record no. 18888)

000 -LEADER
fixed length control field 01045cam a22002654a 4500
001 - CONTROL NUMBER
control field 12879361
005 - DATE AND TIME OF LATEST TRANSACTION
control field 20170114103636.0
008 - FIXED-LENGTH DATA ELEMENTS--GENERAL INFORMATION
fixed length control field 020801s2002 caua c 000 0 eng
010 ## - LIBRARY OF CONGRESS CONTROL NUMBER
LC control number 2002031963
020 ## - INTERNATIONAL STANDARD BOOK NUMBER
International Standard Book Number 1580084397 (paper with flaps)
050 00 - LIBRARY OF CONGRESS CALL NUMBER
Classification number ND237.H755A4 2002
100 1# - MAIN ENTRY--PERSONAL NAME
Personal name Hopper, Pegge.
245 10 - TITLE STATEMENT
Title Women of Hawai'i /
Statement of responsibility, etc. Pegge Hopper.
260 ## - PUBLICATION, DISTRIBUTION, ETC. (IMPRINT)
Place of publication, distribution, etc. Berkeley, CA :
Name of publisher, distributor, etc. Ten Speed Press,
Date of publication, distribution, etc. c2002.
300 ## - PHYSICAL DESCRIPTION
Extent 120 p. :
Other physical details col. ill. ;
Dimensions 26 cm.
600 10 - SUBJECT ADDED ENTRY--PERSONAL NAME
Personal name Hopper, Pegge
Form subdivision Catalogs.
650 #0 - SUBJECT ADDED ENTRY--TOPICAL TERM
Topical term or geographic name as entry element Hawaiian women in art
Form subdivision Catalogs.
942 ## - ADDED ENTRY ELEMENTS (KOHA)
Source of classification or shelving scheme
Koha item type Hard Covered Materials
Classification part ND237.H755A4 2002
Holdings
Withdrawn status Lost status Source of classification or shelving scheme Damaged status Not for loan Home library Current library Shelving location Date acquired Source of acquisition Total Checkouts Full call number Barcode Date last seen Price effective from Koha item type
          MACHAKOS UNIVERSITY LIBRARY MACHAKOS UNIVERSITY LIBRARY Technical section 14/01/2017 Donation(BFA)   ND237.H755A4 2002 29439 13/07/2018 14/01/2017 Hard Covered Materials
© Machakos University Library, Along The Highway, Machakos Wote Rd, Machakos, Kenya P.O. Box 136 - 90100 Machakos - Kenya

Tel: ( +254 ) 723 805829 OR Fax : 044-20353 OR Email: library@mksu.ac.ke